LDR 01086nam a2200265 i 4500 001 000000233004 003 CaOOAMICUS 005 20260526122742.0 008 140911s2012 it u000 u ita u 020 $a978-88-17-05452-2 040 $aSeMil$bita 100 1 $aWohl, Louis : de,$d<1903-1961>.$0(OLS)http://semarc/name/42093 240 10$aCitadel of God.$0(OLS)http://semarc/title/332483 245 13$aLa città di Dio :$bstoria di san Benedetto /$cLouis De Wohl. 260 $aMilano :$bBiblioteca Universale Rizzoli,$c2012. 300 $a382 p. ;$c20 cm. 490 0 $aBUR. Saggi 830 0$aBUR. Saggi.$0(OLS)http://semarc/title/11673 850 $aSeMil 852 $aSeMil$W1$xVenegono$y1$m1W III 375$j272520$B183350$CSeMilBibl$Z2$F194943 $81 961 $aLascito: Serenthà don Mario 996 $6020$a978-88-17-05452-2$9(OLS)http://semarc/number/236803 996 $6245$aLa città di Dio :$bstoria di san Benedetto$9(OLS)http://semarc/title/332482 996 $6260$aMilano :$bBiblioteca Universale Rizzoli$9(OLS)http://semarc/publisher/31907